000 00877nam a2200277 i 4500
003 DO-SdBNP
005 20240314102834.0
007 ta
008 240314b2016 dr a|||| |||| 00| 0 spa d
020 _a9781537147475
040 _aDO-SdBNP
_bspa
_cBNPHU
_erda
082 4 _222
100 1 _aConde, Leonardo,
_d1946-
_978242
_eautor
245 1 0 _aHistoria de la nación dominicana /
_cLeonardo Conde
264 _aSanto Domingo :
_beditor no identificado,
_c2016.
300 _avolumenes :
_bilustraciones ;
_c26 cm.
336 _2rdacontent
_atexto
_btxt
337 _2rdamedia
_asin mediación
_bn
338 _2rdacarrier
_avolumen
_bnc
500 _aIncluye referencias bibliográficas y notas al pie de las páginas
500 _aIncluye índices
504 _aBibliografía : p. 717-726
590 _aInventariado, 2024/BT
910 _aBtavárez
942 _2ddc
_cLBS1
999 _c56100
_d56100